000 01069nam a22003377a 4500
003 CHAP
005 20220329134536.0
008 971013s1954 r 00010 d
010 _a21910
011 _a22882
035 _a26977
040 _cCHAP
090 _aFolleto 10157
100 0 0 _aBoush, George Mallory.
_914792
245 _aControl del alacrán Centruroides (Impidus Karsch)
260 _aMéxico, D. F. :
_bSAG,
_c1954
300 _a19 p.
_b: ilus.
490 _aSAG. Folleto técnico
_v; 12
590 _aBATCH-UPD
_b10
_c20130110
_lUCH01
_h0242
590 _aBATCH-UPD
_b10
_c20130110
_lUCH01
_h2134
590 _aBATCH-UPD
_b10
_c20130410
_lUCH01
_h1443
590 _aBATCH-UPD
_b10
_c20130914
_lUCH01
_h1318
590 _aCONVERSION
_b10
_c20130109
_lUCH01
_h1313
650 1 4 _aEscorpiones.
_937567
700 0 _aRiley, George B.
_997426
830 0 _aSAG. Folleto técnico
_v; 12
_9101169
901 _aBK
942 _cFOLL
949 _aFolleto 10157
_bBC
_cFOLL
_d-62380
_eTS1
_i26977
_si
949 _aFolleto 10157
_bBC
_cFOLL
_d-62381
_eTS2
_fc.2
_i26977
_si
999 _c21910
_d21910